000 00297nam a22001337a 4500
008 171227b xxu||||| |||| 00| 0 eng d
020 _a9780155081369
041 _aeng
080 _25 ED
_a37
100 _a40
101 _aEDU
245 _aTHE WRITERS WORKPLACCE
_cJOHN.S
942 _2udc
_cBK
999 _c39472
_d39472